000 01420nam a2200229 a 4500
005 20140905145110.0
008 140123b2004 ck ||||| |||| 00| 0 spa d
041 _aspa
044 _ack
090 _aIAVH
_b00335
100 1 _aSuárez-Suárez, Luz Stella
_94854
245 1 0 _aCaracterización de cercos vivos en la cuenca del río Chambery-Caldas
260 _aBogotá
_bInstituto Humboldt
_c2004
300 _a53 p.
_c28 cm.
520 _aRealización del inventario florístico, la caracterización estructural y el uso de los cercos vivos en la cuenca. Tipificación de los cercos vivos de la zona, con base en su origen, uso, manejo y conectividad. Se identificaron dos tipos de cercos vivos, los cuales constituyen espacios productivos del paisaje, ya que son fuente de combustible fosil, alimento y madera para los habitantes de la cuenca; son referentes territoriales y elementos del paisaje importantes para procesos de sucesión vegetal y de conservación de la flora actual, así como en la conectividad de los elementos del paisaje. Se recomienda la formulación de políticas de fomento de uso de especies que prestan servicios ambientales
650 4 _aCaracterización y tipificación de cercos vivos
_94855
650 4 _aEspacios productivos del paisaje
_94856
650 4 _aReferentes territoriales
_94857
650 4 _aConservación de flora
_94858
942 _cINFORME
_2z
945 _d2005-05-25
999 _c4532
_d4532